Normal view
MARC view
- Sajjad Ahmed Syndicate No.13
Entry Personal Name
001 - CONTROL NUMBER
- control field: 47613
003 - CONTROL NUMBER IDENTIFIER
- control field: NUST
005 - DATE AND TIME OF LATEST TRANSACTION
- control field: 20210314133844.0
008 - FIXED-LENGTH DATA ELEMENTS
- fixed length control field: 210314|| aca||aabn | a|a d
040 ## - CATALOGING SOURCE
- Original cataloging agency: NUST
- Transcribing agency: NUST
100 ## - HEADING--PERSONAL NAME
- Personal name: Sajjad Ahmed Syndicate No.13
670 ## - SOURCE DATA FOUND
- Source citation: Work cat.: (NUST): Sajjad Ahmed Syndicate No.13, Risk assessment and management study of Mangla dam raising project. , 2009
